On This Day: October 30th II Quiz Stats

 Plays Quiz Updated Oct 30, 2018

Score 0/7 Timer 03:00
0 Plays Today
Question Answer Wrong Answers
In Kinshasa, Zaire, the famed ______ boxing match between Muhammad Ali and George Foreman takes place.
1974
Rumble in the Jungle
92.1%
Fight of the Century
6%
Unfinished Business
0.7%
Thunder in the Night
0.8%
The Bosphorus Bridge in this city officially opens, connecting the continents of Europe and Asia over the narrow strait for the second time.
1973
Istanbul
82.3%
Tbilisi
5.5%
Volgograd
8.1%
Thessaloniki
3.8%
______ announces plans to acquire Lucasfilm and its rights to ‘Star Wars’ and ‘Indiana Jones’ for $4.05 billion.
2012
Disney
81%
Viacom
1.8%
Time Warner
8.8%
21st Century Fox
7.2%
Taking over for the ailing dictator, Francisco Franco, this man becomes Spain’s acting head of state. He is eventually proclaimed King of Spain.
1975
Juan Carlos I
75.2%
Alfonso XIII
3.2%
Amadeo I
1%
Ferdinand VII
20%
El Salvador and ______ sign a peace treaty, ending an 11 year border dispute that began during the 1969 Football War.
1980
Honduras
71.5%
Mexico
7.2%
Belize
4.5%
Costa Rica
16%
Regarded as one of the greatest soccer players of all time, this Argentinian footballer and coach, forever linked to the infamous ‘Hand of God’ goal, is born.
1960
Diego Maradona
59.4%
Pelé
31.3%
Ronaldinho
3%
Lionel Messi
6.2%
After seven years of military rule, the first democratic elections in this South American country are held.
1983
Argentina
34.7%
Brazil
9.9%
Chile
30.9%
Venezuela
23.7%

You're not logged in!

Compare scores with friends on all Sporcle quizzes.
OR
Log In

Sporcle TV

Today on Sporcle TV


Watch our educational content, quiz creation guides, and fun videos on Sporcle TV.

Show Comments

Extras

Top Quizzes Today


Score Distribution

Your Account Isn't Verified!

In order to create a playlist on Sporcle, you need to verify the email address you used during registration. Go to your Sporcle Settings to finish the process.

Report this User

Report this user for behavior that violates our Community Guidelines.

Details: